|
|
|
|
| LEADER |
00000nam a22000007a 4500 |
| 005 |
20160520150630.0 |
| 007 |
cr|||| ||u| |
| 008 |
160520s2016 mx ||||| |||| 00||0 spa d |
| 020 |
|
|
|a 978-607-406-789-7
|
| 035 |
|
|
|a 14246
|
| 040 |
|
|
|a vLex
|
| 090 |
|
|
|c 6125
|d 6125
|
| 100 |
1 |
|
|a Luna Guerra, Antonio
|
| 245 |
1 |
0 |
|a Responsabilidades Fiscales de los Notarios 2016
|h [Recurso electrn̤ico] /
|c Antonio Luna Guerra
|
| 256 |
|
|
|a Servicio en ln̕ea
|
| 260 |
|
|
|a Mx̌ico
|b Ediciones Fiscales ISEF
|c 2016
|
| 300 |
|
|
|a 1 recurso electrn̤ico
|
| 500 |
|
|
|a Este libro muestra las obligaciones en materia fiscal que les corresponden a los notarios, as ̕como la responsabilidad que tienen las personas que requieren de sus servicios. Tambiň da tratamiento a su repercusin̤ en materia de CFF, ISR, IVA y otras disposiciones de interš, adems̀ algunos aspectos de la Ley del Notariado.
|
| 506 |
1 |
|
|a Contenido solo disponible en los productos indicados
|d vLex Global
|d vLex Global (Academic Edition, excluding Law Schools)
|d vLex Global (U.S. Academic Edition, Law Schools)
|d vLex Global (U.S. Academic Edition, excluding Law Schools)
|d vLex Global (Academic Edition, Law Schools)
|
| 650 |
0 |
4 |
|a Derecho fiscal
|z Mx̌ico
|
| 740 |
0 |
|
|a vLex libros (servicio en ln̕ea)
|
| 856 |
4 |
0 |
|u https://app.vlex.com/#/sources/14246
|z Acceso restringido
|
| 942 |
|
|
|c BOOK
|
| 999 |
0 |
|
|a Taxation
|b Mexic
|